<?xml version="1.0" encoding="UTF-8"?>
<record
    xmlns:xsi="http://www.w3.org/2001/XMLSchema-instance"
    xsi:schemaLocation="http://www.loc.gov/MARC21/slim http://www.loc.gov/standards/marcxml/schema/MARC21slim.xsd"
    xmlns="http://www.loc.gov/MARC21/slim">

  <leader>01622nam a2200397 i 4500</leader>
  <controlfield tag="005">20220317000128.0</controlfield>
  <controlfield tag="007">ta</controlfield>
  <controlfield tag="008">210801s20102021sp a   er     000 ddspa d</controlfield>
  <datafield tag="020" ind1=" " ind2=" ">
    <subfield code="a">9788437605456</subfield>
  </datafield>
  <datafield tag="040" ind1=" " ind2=" ">
    <subfield code="a">CO-BoRNBP</subfield>
    <subfield code="b">spa</subfield>
    <subfield code="c">CO-BoRNBP</subfield>
    <subfield code="e">rda</subfield>
  </datafield>
  <datafield tag="041" ind1="1" ind2=" ">
    <subfield code="a">spa</subfield>
    <subfield code="h">gre</subfield>
  </datafield>
  <datafield tag="084" ind1=" " ind2=" ">
    <subfield code="a">T EUR1</subfield>
  </datafield>
  <datafield tag="100" ind1=" " ind2=" ">
    <subfield code="a">Eur&#xED;pides</subfield>
    <subfield code="d">480 a.C.-406 a.C</subfield>
    <subfield code="e">autor</subfield>
  </datafield>
  <datafield tag="245" ind1=" " ind2=" ">
    <subfield code="a">Tragedias, I </subfield>
  </datafield>
  <datafield tag="245" ind1=" " ind2=" ">
    <subfield code="b">Eur&#xED;pedes ; edici&#xF3;n y traducci&#xF3;n  de Juan Antonio L&#xF3;pez F&#xE9;rez</subfield>
  </datafield>
  <datafield tag="250" ind1=" " ind2=" ">
    <subfield code="a">D&#xE9;cima cuarta edici&#xF3;n, D&#xE9;cima quinta edici&#xF3;n</subfield>
  </datafield>
  <datafield tag="264" ind1=" " ind2="1">
    <subfield code="a">Madrid </subfield>
    <subfield code="b">C&#xE1;tedra</subfield>
    <subfield code="c">2010</subfield>
    <subfield code="c">2020</subfield>
    <subfield code="c">2021</subfield>
  </datafield>
  <datafield tag="300" ind1=" " ind2=" ">
    <subfield code="a">391 p&#xE1;ginas </subfield>
    <subfield code="b">ilustraciones</subfield>
    <subfield code="c">18 cm</subfield>
  </datafield>
  <datafield tag="336" ind1=" " ind2=" ">
    <subfield code="a">texto</subfield>
    <subfield code="b">txt</subfield>
    <subfield code="2">rdacontent</subfield>
  </datafield>
  <datafield tag="337" ind1=" " ind2=" ">
    <subfield code="a">sin mediaci&#xF3;n</subfield>
    <subfield code="b">n</subfield>
    <subfield code="2">rdamedia</subfield>
  </datafield>
  <datafield tag="338" ind1=" " ind2=" ">
    <subfield code="a">volumen</subfield>
    <subfield code="b">nc</subfield>
    <subfield code="2">rdacarrier</subfield>
  </datafield>
  <datafield tag="490" ind1=" " ind2=" ">
    <subfield code="a">Letras universales</subfield>
    <subfield code="v">36</subfield>
  </datafield>
  <datafield tag="505" ind1=" " ind2=" ">
    <subfield code="t">El C&#xED;clope</subfield>
    <subfield code="t">Alcestis</subfield>
    <subfield code="t">Medea</subfield>
    <subfield code="t">Los Heraclidas</subfield>
    <subfield code="t">Hip&#xF3;lito</subfield>
    <subfield code="t">Andr&#xF3;maca</subfield>
    <subfield code="t">H&#xE9;cuba</subfield>
  </datafield>
  <datafield tag="521" ind1=" " ind2=" ">
    <subfield code="a">Recomendado para un p&#xFA;blico adulto </subfield>
  </datafield>
  <datafield tag="534" ind1=" " ind2=" ">
    <subfield code="t">&#x39A;&#x3CD;&#x3BA;&#x3BB;&#x3C9;. &#x386;&#x3BB;&#x3BA;&#x3B7;&#x3C3;&#x3C4;&#x3B9;&#x3C2;. &#x39C;&#x3AE;&#x3B4;&#x3B5;&#x3B9;&#x3B1;. &#x397;&#x3C1;&#x3B1;&#x3BA;&#x3BB;&#x3B5;&#x3AF;&#x3B4;&#x3B1;&#x3B9;. &#x399;&#x3C0;&#x3C0;&#x3CC;&#x3BB;&#x3C5;&#x3C4;&#x3BF;&#x3C2;. &#x391;&#x3BD;&#x3B4;&#x3C1;&#x3BF;&#x3BC;&#x3AC;&#x3C7;&#x3B7;. &#x395;&#x3BA;&#x3AC;&#x3B2;&#x3B7;</subfield>
  </datafield>
  <datafield tag="545" ind1=" " ind2=" ">
    <subfield code="a">Incluye datos biogr&#xE1;ficos del autor en la contracar&#xE1;tula  </subfield>
  </datafield>
  <datafield tag="600" ind1=" " ind2=" ">
    <subfield code="a">Eur&#xED;pides</subfield>
    <subfield code="d">480 a.C.-406 a.C</subfield>
    <subfield code="t">Tragedias </subfield>
    <subfield code="x">Critica e interpretaci&#xF3;n </subfield>
    <subfield code="9">186967</subfield>
  </datafield>
  <datafield tag="650" ind1="1" ind2="7">
    <subfield code="a">Teatro griego</subfield>
    <subfield code="2">LEMB</subfield>
  </datafield>
  <datafield tag="650" ind1="1" ind2="7">
    <subfield code="a">Literatura griega </subfield>
    <subfield code="2">LEMB</subfield>
  </datafield>
  <datafield tag="650" ind1="1" ind2="7">
    <subfield code="a">Autores griegos </subfield>
    <subfield code="2">LEMB</subfield>
  </datafield>
  <datafield tag="650" ind1="1" ind2="7">
    <subfield code="a">Mitolog&#xED;a griega</subfield>
    <subfield code="v">Teatro</subfield>
    <subfield code="2">LEMB</subfield>
  </datafield>
  <datafield tag="650" ind1="1" ind2="7">
    <subfield code="a">Tragedia griega </subfield>
    <subfield code="v">Teatro</subfield>
    <subfield code="2">LEMB</subfield>
  </datafield>
  <datafield tag="700" ind1=" " ind2=" ">
    <subfield code="a">L&#xF3;pez F&#xE9;rez, Juan Antonio</subfield>
    <subfield code="e">prologuista</subfield>
    <subfield code="9">186969</subfield>
  </datafield>
  <datafield tag="740" ind1=" " ind2=" ">
    <subfield code="a">El C&#xED;clope \ Alcestis \ Medea \ Los Heraclidas \ Hip&#xF3;lito \ Andr&#xF3;maca \ H&#xE9;cuba</subfield>
  </datafield>
  <datafield tag="942" ind1=" " ind2=" ">
    <subfield code="2">loc</subfield>
    <subfield code="c">BKLIT</subfield>
  </datafield>
  <datafield tag="999" ind1=" " ind2=" ">
    <subfield code="c">3178</subfield>
    <subfield code="d">3178</subfield>
  </datafield>
  <datafield tag="952" ind1=" " ind2=" ">
    <subfield code="0">0</subfield>
    <subfield code="1">0</subfield>
    <subfield code="2">ddc</subfield>
    <subfield code="4">0</subfield>
    <subfield code="7">0</subfield>
    <subfield code="a">MEPRICO</subfield>
    <subfield code="b">MEPRICO</subfield>
    <subfield code="c">LIT</subfield>
    <subfield code="d">2022-12-05</subfield>
    <subfield code="l">0</subfield>
    <subfield code="o">TEUR1Ej.1</subfield>
    <subfield code="p">PR000000L61</subfield>
    <subfield code="r">2022-12-05 00:00:00</subfield>
    <subfield code="t">Ej.1</subfield>
    <subfield code="w">2022-12-05</subfield>
    <subfield code="y">BKLIT</subfield>
  </datafield>
  <datafield tag="952" ind1=" " ind2=" ">
    <subfield code="0">0</subfield>
    <subfield code="1">0</subfield>
    <subfield code="2">ddc</subfield>
    <subfield code="4">0</subfield>
    <subfield code="7">0</subfield>
    <subfield code="8">GEN</subfield>
    <subfield code="a">MESMARTI</subfield>
    <subfield code="b">MESMARTI</subfield>
    <subfield code="c">LIT</subfield>
    <subfield code="d">2023-07-11</subfield>
    <subfield code="l">0</subfield>
    <subfield code="o">T EUR1</subfield>
    <subfield code="p">SM002049</subfield>
    <subfield code="r">2023-07-11 00:00:00</subfield>
    <subfield code="t">Ej.1</subfield>
    <subfield code="w">2023-07-11</subfield>
    <subfield code="y">BKLIT</subfield>
  </datafield>
  <datafield tag="952" ind1=" " ind2=" ">
    <subfield code="0">0</subfield>
    <subfield code="1">0</subfield>
    <subfield code="2">ddc</subfield>
    <subfield code="4">0</subfield>
    <subfield code="7">0</subfield>
    <subfield code="8">GEN</subfield>
    <subfield code="a">MEBAUPIA</subfield>
    <subfield code="b">MEBAUPIA</subfield>
    <subfield code="c">LIT</subfield>
    <subfield code="d">2023-10-04</subfield>
    <subfield code="l">0</subfield>
    <subfield code="o">T EUR1</subfield>
    <subfield code="p">BUP00895</subfield>
    <subfield code="r">2023-10-04 15:18:34</subfield>
    <subfield code="t">Ej.1</subfield>
    <subfield code="w">2023-10-04</subfield>
    <subfield code="y">BKLIT</subfield>
  </datafield>
  <datafield tag="952" ind1=" " ind2=" ">
    <subfield code="0">0</subfield>
    <subfield code="1">0</subfield>
    <subfield code="2">ddc</subfield>
    <subfield code="4">0</subfield>
    <subfield code="7">0</subfield>
    <subfield code="8">GEN</subfield>
    <subfield code="a">MECABUYA</subfield>
    <subfield code="b">MECABUYA</subfield>
    <subfield code="c">LIT</subfield>
    <subfield code="d">2023-10-25</subfield>
    <subfield code="l">0</subfield>
    <subfield code="o">T EUR1</subfield>
    <subfield code="p">CAB000895</subfield>
    <subfield code="r">2023-10-25 21:18:56</subfield>
    <subfield code="t">Ej.1</subfield>
    <subfield code="w">2023-10-25</subfield>
    <subfield code="y">BKLIT</subfield>
  </datafield>
  <datafield tag="952" ind1=" " ind2=" ">
    <subfield code="0">0</subfield>
    <subfield code="1">0</subfield>
    <subfield code="2">ddc</subfield>
    <subfield code="4">0</subfield>
    <subfield code="7">0</subfield>
    <subfield code="8">GEN</subfield>
    <subfield code="a">MEMAPJGA</subfield>
    <subfield code="b">MEMAPJGA</subfield>
    <subfield code="c">LIT</subfield>
    <subfield code="d">2025-06-09</subfield>
    <subfield code="l">0</subfield>
    <subfield code="o">T EUR1</subfield>
    <subfield code="p">MPJG00288</subfield>
    <subfield code="r">2025-06-09 16:21:03</subfield>
    <subfield code="t">Ej.1</subfield>
    <subfield code="w">2025-06-09</subfield>
    <subfield code="y">BKLIT</subfield>
  </datafield>
</record>
